Quel est le titre de cette musique de Josman Part, 2 - Statistiques

Statistiques générales
  • Ce quiz a été pris 206 fois
  • Le résultat moyen est 4 sur 20
Statistiques - réponses
Hint Réponse % Correct
Pas d'sourire sur mes lèvres, chaque journée qui se lèveLe cul entre deux chaises, entre mes cauchemars et mes rêves Cette vie me fait trop mal, comme si j'étais Truman Mort ce soir
80%
Toi et moi, on est en osmose, je n'avais jamais vu la vie en roseMon cœur est rempli d'ecchymoses, avec toi, j'ai le vaccin, les deux doses Vaccin (ft. Sofiane Pamart)
51%
D'habitude j'ai beaucoup d'fierté Mais là j'suis un peu bouleversé J'ai l'cœur fissuré sous l'jersey Chaque fois qu'je repense à tout c'merdier Dernier je t'aime (ft. Monsieur Nov)
36%
Là, j'suis sur un nouveau plav', j'calcule la rentabilité J'suis tombé dans l'vice du biz', du bénéfice, d'la comptabilité J'prends mes responsabilités, demain c'est loin pour être honnête Donc j'fais pas de plan sur la comète, c'est loin, j'ai pas d'visibilité Room (ft. Ziak)
33%
Depuis l'cordon ombilical , que des sanctions lyricales Milliers d'euros en digital J.O.S phénoménal
Parle pas d'oi-m, tu m'connais mal Bats les couilles de cer-per , j'm'en bats les couilles de vos gue-guerres J'tire et j'suis pépère, j'suis toujours déter
F*cked Up 4
32%
Majeur à l'État, j'suis à ma ble-ta, entouré d'pétasses, j'tire une grosse ffe-taJ'éclate le Ruinart, serein, je sirote, résine africaine, j'ai l'flow des pirogues 3ein / Risotto Gambas
28%
2017, elles sont sans-gêneQu'est-c'qu'elles feraient pour 500 "j'aime" ? Dans le ciel
15%
J'ves-qui les pièges et les leurres, tout comme on ves-qui les keufs et les leurs J'suis dans mon corner, j'suis pas des leurs, j'veux que le beurre et le beurre du beurre Que partager 'vec mes blacks, blancs, beurs, des entrepreneurs, des cuistos, des dealers New Hares (Same Sh!t)
15%
J'peux faire cent fois le bon, si j'fais une fois le mauvaisCes bâtards, c'est tout c'qu'ils retiennent Certains ont craché, m'ont fâché, m'ont lâché M'ont trahi, j'me d'mande c'qu'ils deviennent J'ai tout essayé pour étouffer la haine Mais à chaque fois, mes démons reviennent J'ai caché ma peine, les yeux ne coulent pas Mais le cœur a des larmes, des pluies diluviennes P.O.V
15%
Donc tous les jours, on baraude, dans la cage, j'me dis "nique sa mère"J'leur en veut à la mort, l'enfer est à la mode Vanille
14%
Un pied dans l'bien ou dans l'mal J'sais même plus c'qui est normal Négro inébranlable Donc j'm'en branle si je rends l'âme DLVrai
13%
j'ai ma cons' donc j'évite les flicsJ'en ai plein grâce au biff des disques, ouais, j'suis pas de ceux qui s'déguisent Bambi
10%
Envoie le fric sinon je frappe (paie)Moi j'peux pas baisser mon froc, j'trop d'amour propre (propre) Des idées noires qui me trottent, mes démons m'traquent, j'ai l'cœur en vrac Donc j'suis pas dans la drague bitch moi j'suis dans la drogue Larmes de Sel (Intro)
8%
Traîne pas dans mes pattes, j'ai aucune attacheT'as honte de ta vie, pourquoi tu la caches ? Éloigne-toi des salopes qui puent d'la chatte La mula mula, faut que tu la fasses Et tout ta rancœur faut que tu la craches C'que tu veux dans la vie, faut que tu l'attrapes MEGAZORD
7%
Trop de bouffons qui se la pètent hein Y’a pas mal de fils de tains-p’ dans ce monde qui font des actions de traîtres Tu sais comment ça s'déroule, j'suis dans mon coin j'pré-roule Bon.Char
5%
Y'a d'la jalousie sur les bavoirsSi j'ai d'la cons', j'fais qu'rouler C'est impossible, j'peux ap couler Mes proches et Dieu sont mes nageoires La vie met des claques à chaque joue Des péchés, on en fait chaque jour Merde ( Outro)
5%
On est àl, on est ienb, on est fucked up mais y'a pas de souciSourcils froncés, j'oublie d'pioncer, faut d'la beuh : j'passe un coup d'fil Tous les jours c'est la même merde pour s'en sortir, on vit pour l'biff Doobie
4%
Ceux qui ont l'veau-cer vide vont s'taire viteTrop d'pigeons ici : c'est Skyrock ou la gare d'Austerlitz ? Monnai€
4%
Là si vous l'avez vous êtes très chaud !
Vous allez manger des coups d'fou Des coups d'boule, des coups d'coude de kung fu Faut qu'j'me vide, j'suis rempli d'seum à force qu'ils m'prennent pour un bouche trou Et ça y est, j'crois que j'ai assez d'seum
64 mesures de seum
2%
J'écris des phases tirées par les dreadlocksJ'm'exprime, j'm'exclame au lance-flammes Jusqu'à c'que ces putes pigent Boss
2%
Aucun quiz correspondant
Distribution des résultats
% des personnes avec chaque résultat
Percentile par nombre de réponses
Votre historique - résultats
Vous n’avez pas pris ce quiz